000 00557nam a2200241 a 4500
001 nice12345678
003 IN_TiNIC
005 20260116012701.0
008 050524s1936 hola grp 000 0 eng
020 _a
_c100
082 0 0 _a297.4
_bKHA10
100 _aKhan, Hazrat Inayat
245 _aGayan.
260 _aHolland
_bN. V Publishing Co
_c1936
300 _a107p
500 _aincludes index and biblioraphy
505 2 _aAppendex
650 _aSufism
700 1 _aKhan, Hazrat Inayat
902 _bSRS
942 _cBK
999 _c7934
_d7934